Quels monuments se trouvent dans ces villes ? - Statistiques

Statistiques générales
  • Ce quiz a été pris 214 fois
  • Le résultat moyen est 18 sur 27
Statistiques - réponses
Question Tuile Select % Correct
Lesquels de ces monuments se trouvent à Rome ? Oui
91%
Lesquels de ces monuments se trouvent à Rome ? Non
91%
Lesquels de ces monuments se trouvent à Paris ? Non
89%
Lesquels de ces monuments se trouvent à Paris ? Non
87%
Lesquels de ces monuments se trouvent à Rome ? Non
87%
Lesquels de ces monuments se trouvent à Rome ? Non
85%
Lesquels de ces monuments se trouvent à Istanbul ? Non
85%
Lesquels de ces monuments se trouvent à Paris ? Non
82%
Lesquels de ces monuments se trouvent à Istanbul ? Non
79%
Lesquels de ces monuments se trouvent à Rome ? Oui
77%
Lesquels de ces monuments se trouvent à Rome ? Non
76%
Lesquels de ces monuments se trouvent à Istanbul ? Non
74%
Lesquels de ces monuments se trouvent à Istanbul ? Oui
72%
Lesquels de ces monuments se trouvent à Paris ? Oui
70%
Lesquels de ces monuments se trouvent à Paris ? Non
66%
Lesquels de ces monuments se trouvent à Paris ? Oui
65%
Lesquels de ces monuments se trouvent à Istanbul ? Non
65%
Lesquels de ces monuments se trouvent à Istanbul ? Non
64%
Lesquels de ces monuments se trouvent à Paris ? Oui
53%
Lesquels de ces monuments se trouvent à Paris ? Oui
51%
Lesquels de ces monuments se trouvent à Istanbul ? Oui
51%
Lesquels de ces monuments se trouvent à Rome ? Oui
44%
Lesquels de ces monuments se trouvent à Rome ? Oui
43%
Lesquels de ces monuments se trouvent à Paris ? Oui
41%
Lesquels de ces monuments se trouvent à Istanbul ? Non
40%
Lesquels de ces monuments se trouvent à Rome ? Oui
29%
Lesquels de ces monuments se trouvent à Istanbul ? Oui
11%
Aucun quiz correspondant
Distribution des résultats
% des personnes avec chaque résultat
Percentile par nombre de réponses
Votre historique - résultats
Vous n’avez pas pris ce quiz